Harry Potter - aktorzy - Statystyki

Ogólne statystyki
  • Ten quiz został rozwiązany 867 razy
  • Średni wynik to 8 z 56
Statystyki odpowiedzi
Postacie Aktorzy % Poprawnych
Hermiona Granger Emma Watson
93%
Harry Potter Daniel Radcliffe
80%
Ron Weasley Rupert Grint
64%
Draco Malfoy Tom Felton
53%
Severus Snape Alan Rickman
50%
Syriusz Black Gary Oldman
34%
Minerwa McGonagall Maggie Smith
32%
Bellatrix Lestrange Helena Bonham Carter
30%
Cedrik Diggory Robert Pattinson
30%
Albus Dumbledore Michael Gambon
25%
Ginny Weasley Bonnie Wright
24%
Lord Voldemort Ralph Fiennes
21%
Rubeus Hagrid Robbie Coltrane
20%
Albus Dumbledore Richard Harris
19%
Sybilla Trelawney Emma Thompson
17%
Luna Lovegood Evanna Lynch
17%
George Weasley Oliver Phelps
17%
Fred Weasley James Phelps
15%
Neville Longbottom Matthew Lewis
15%
Remus Lupin David Thewlis
10%
Lucjusz Malfoy Jason Isaacs
8%
Molly Weasley Julie Walters
8%
Gilderoy Lockhart Kenneth Branagh
8%
Filius Flitwick Warwick Davis
8%
Petunia Dursley Fiona Shaw
7%
Cho Chang Katie Leung
7%
Nimfadora Tonks Natalia Tena
7%
Dudley Dursley Harry Melling
6%
Dolores Umbridge Imelda Staunton
6%
Alastor Moody Brendan Gleeson
5%
Argus Filch David Bradley
5%
Narcyza Malfoy Helen McCrory
5%
Vernon Dursley Richard Griffiths
5%
Peter Pettigrew Timothy Spall
5%
Dean Thomas Alfred Enoch
4%
Kwiryniusz Quirrell Ian Hart
4%
Horacy Slughorn Jim Broadbent
4%
Artur Weasley Mark Williams
4%
Percy Weasley Chris Rankin
3%
Fleur Delacour Clemence Poesy
3%
Seamus Finnigan Devon Murray
3%
Lily Potter Geraldine Somerville
3%
Rolanda Hooch Zoe Wanamaker
3%
James Potter Adrian Rawlins
2%
Angelina Johnson Danielle Tabor
2%
Fenrir Greyback Dave Legeno
2%
Katie Bell Georgina Leonidas
2%
Vincent Crabbe Jamie Waylett
2%
Lavender Brown Jessie Cave
2%
Gregory Goyle Joshua Herdman
2%
Lee Jordan Luke Youngblood
2%
Lord Voldemort Richard Bremmer
2%
Oliver Wood Sean Biggerstaff
2%
Kingsley Shacklebolt George Harris
1%
Colin Creevey Hugh Mitchell
1%
Marge Dursley Pam Ferris
1%
Nie znaleziono quizów pasujących do podanych kryteriów
Rozkład punktacji
Procent ludzi z każdym wynikiem
Percentyl według liczby udzielonych odpowiedzi
Twoja historia wyników
Nie rozwiązałeś tego quizu